Loading...
| History - World | 0 | 3 | 0 | 2 | 30 | 98 | 117.33 | 0 | 0 | 1.24 | 6.25 |
| History - Other | 0 | 3 | 0 | 2 | 30 | 101 | 123.00 | 0 | 1 | 1.94 | 10.00 |
| Science - Physics | 0 | 2 | 0 | 1 | 20 | 132 | 132.50 | 0 | 0 | 0.14 | 2.27 |
| History - American | 0 | 2 | 0 | 1 | 20 | 103 | 117.00 | 0 | 0 | 1.29 | 5.68 |
| Social Science | 0 | 1 | 0 | 1 | 10 | 127 | 127.00 | 0 | 0 | 0.08 | 1.25 |
| Literature - World | 0 | 1 | 0 | 0 | 10 | 137 | 137.00 | 0 | 0 | 0.62 | 4.55 |
| Pop Culture | 0 | 1 | 0 | 0 | 10 | 124 | 124.00 | 0 | 0 | 3.13 | 2.50 |
| Science - Biology | 0 | 1 | 0 | 0 | 10 | 110 | 110.00 | 0 | 0 | 0.16 | 1.14 |
| Fine Arts - Visual | 0 | 1 | 1 | 0 | 5 | 131 | 131.00 | 0 | 0 | 0.99 | 1.14 |
| Fine Arts - Other | 0 | 1 | 1 | 0 | 5 | 144 | 144.00 | 0 | 0 | 0.59 | 5.68 |
| Science - Chemistry | 0 | 0 | 0 | 0 | 0 | 0.00 | 0 | 0 | 0.00 | 0.00 | |
| Popular Culture | 0 | 0 | 0 | 0 | 0 | 0.00 | 0 | 0 | 0.00 | 0.00 | |
| Science - Other | 0 | 0 | 0 | 0 | 0 | 0.00 | 0 | 0 | 0.00 | 0.00 | |
| Philosophy | 0 | 0 | 1 | 0 | -5 | 0.00 | 0 | 0 | 0.00 | 0.00 | |
| Mythology | 0 | 0 | 1 | 0 | -5 | 0.00 | 0 | 0 | 0.00 | 0.00 | |
| Religion | 0 | 0 | 1 | 0 | -5 | 0.00 | 0 | 0 | 0.00 | 0.00 |